<?xml version="1.0" encoding="UTF-8"?>
<collection xmlns="http://www.loc.gov/MARC21/slim">
<record>
  <controlfield tag="001">2476</controlfield>
  <controlfield tag="005">20160701171706.0</controlfield>
  <datafield tag="037" ind1=" " ind2=" ">
    <subfield code="a">ASTROimport-633</subfield>
  </datafield>
  <datafield tag="100" ind1=" " ind2=" ">
    <subfield code="a">Briquet, M.</subfield>
  </datafield>
  <datafield tag="260" ind1=" " ind2=" ">
    <subfield code="c">2003</subfield>
  </datafield>
  <datafield tag="245" ind1=" " ind2=" ">
    <subfield code="a">Surface Mapping of the he  SI Distribution of Four B Stars</subfield>
  </datafield>
  <datafield tag="520" ind1=" " ind2=" ">
    <subfield code="a">In the framework of a long-term high-resolution spectroscopic monitoring campaign of slowly pulsating B stars we have discovered four spotted mid-B main-sequence stars exhibiting clear line-profile variability of selected He and Si lines. We derive the rotational period which is of the order of 1-2 days of these stars with a high precision. We perform surface mapping which allows us to derive the distribution of the helium and silicon on the stellar surface. We find evidence for the presence of large spots in all four stars. He overabundance is accompanied with Si underabundance or vice versa in the spots. Our data are usefull to test current diffusion theories which have been developed for spotted A-type stars. Our stars have effective temperatures around 17000K which makes them among the hottest known so far with such clear spotted patterns. It would be most valuable to have magnetic field measurements for the four stars in order to explain the surface element distribution. </subfield>
  </datafield>
  <datafield tag="700" ind1=" " ind2=" ">
    <subfield code="a"> Luftinger, T.</subfield>
  </datafield>
  <datafield tag="700" ind1=" " ind2=" ">
    <subfield code="a"> Aerts, C.</subfield>
  </datafield>
  <datafield tag="700" ind1=" " ind2=" ">
    <subfield code="a"> De Cat, P.</subfield>
  </datafield>
  <datafield tag="773" ind1=" " ind2=" ">
    <subfield code="p">IAU Joint Discussion</subfield>
    <subfield code="v">9</subfield>
    <subfield code="y">2003</subfield>
  </datafield>
  <datafield tag="856" ind1="4" ind2="2">
    <subfield code="a">http://esoads.eso.org/abs/2003IAUJD...9E..23B</subfield>
  </datafield>
  <datafield tag="905" ind1=" " ind2=" ">
    <subfield code="a">published in</subfield>
  </datafield>
  <datafield tag="980" ind1=" " ind2=" ">
    <subfield code="a">NONREF</subfield>
  </datafield>
</record>
</collection>